| 000 | 00794nam a2200241 i 4500 | ||
|---|---|---|---|
| 001 | 99109 | ||
| 003 | ES-MaACL | ||
| 005 | 20230906182436.0 | ||
| 007 | t| | ||
| 008 | 051122s1961 xxuf ||||1| spa d | ||
| 080 | _a821.134.2(729.5)-34.09"19" | ||
| 080 | _a821.134.2-34"19"(082.2) | ||
| 100 | 1 |
_aMeléndez, Concha. _979908 |
|
| 245 | 1 | 3 |
_aEl arte del cuento en Puerto Rico / _cConcha Meléndez. |
| 260 |
_aNew York : _bLas Americas Publishing Co., _c[1961] |
||
| 300 |
_a396 p., 1 lám. ; _c21 cm. |
||
| 490 | 1 |
_aBiblioteca puertorriqueña ; _v4 |
|
| 650 | 4 |
_aCuento puertorriqueño- _yS.XX- _xHistoria y crítica. _911476 |
|
| 650 | 4 |
_aCuentos puertorriqueños. _911504 |
|
| 830 | 0 |
_aBiblioteca puertorriqueña ; _v4 _9232377 |
|
| 852 |
_aES-MaACL _jE-11080 |
||
| 999 |
_c99109 _d99109 |
||